Geography of Iowa - Statistics

General Stats
  • This quiz has been taken 47 times
  • The average score is 17 of 22
Answer Stats
Clue Answer % Correct
Most valuable crop in Iowa Corn
95%
Capital city of Iowa Des Moines
95%
States that border Iowa Illinois
95%
River on Iowa's eastern border Mississippi River
95%
States that border Iowa Missouri
95%
States that border Iowa Nebraska
95%
States that border Iowa South Dakota
95%
States that border Iowa Minnesota
93%
Iowa is in this region of the U.S. Midwest
90%
States that border Iowa Wisconsin
90%
City home to the University of Iowa Iowa City
83%
County known for covered bridges (hint: President) {Madison} County
83%
Four-city metro area that includes Davenport and Bettendorf {Quad} Cities
83%
Iowa's second-largest city Cedar Rapids
78%
Omaha's neighbor to the east {Council} Bluffs
73%
State nickname of Iowa {Hawkeye} State
73%
City named for a native tribe {Sioux} City
68%
President born in West Branch, IA Herbert Hoover
59%
Oldest city in Iowa, named for a French fur trader Dubuque
44%
City with the John Deere Museum Waterloo
34%
State bird of Iowa Goldfinch
32%
Football stadium of the above {Kinnick} Stadium
29%
No matching quizzes found
Score Distribution
Percent of People with Each Score
Percentile by Number Answered
Your Score History
You have not taken this quiz